Programming with Graphics (Record no. 481958)

MARC details
000 -LEADER
fixed length control field 00736nam a2200241Ia 4500
008 - FIXED-LENGTH DATA ELEMENTS--GENERAL INFORMATION
fixed length control field 100315s9999 xx 000 0 und d
020 ## - INTERNATIONAL STANDARD BOOK NUMBER
International Standard Book Number 0246120215 
040 ## - CATALOGING SOURCE
Transcribing agency ENGLISH 
082 ## - DEWEY DECIMAL CLASSIFICATION NUMBER
Item number 7223 
Classification number 006.66 
100 ## - MAIN ENTRY--PERSONAL NAME
Personal name "Marshall, Garry "
245 ## - TITLE STATEMENT
Title Programming with Graphics
260 ## - PUBLICATION, DISTRIBUTION, ETC. (IMPRINT)
Place of publication, distribution, etc London 
Name of publisher, distributor, etc GRANADA  
Date of publication, distribution, etc 1983 
300 ## - PHYSICAL DESCRIPTION
Extent "viii,120  "
365 ## - TRADE PRICE
Price note Dollars 
Unit of pricing
Price amount 5.95 
366 ## - TRADE AVAILABILITY INFORMATION
Publishers' discount category
505 ## - FORMATTED CONTENTS NOTE
Miscellaneous information Vaibhav Gaikwad 
530 ## - ADDITIONAL PHYSICAL FORM AVAILABLE NOTE
Availability source Donated by RBI Library  
620 ## -
-- "Graphics Programming, Graphics Displays, Block Graphics, Pixel Graphics, Line Graphics "
630 ## - SUBJECT ADDED ENTRY--UNIFORM TITLE
Uniform title Programming with Graphics
650 ## - SUBJECT ADDED ENTRY--TOPICAL TERM
Topical term or geographic name as entry element COMPUTER PROGRAMMING 
730 ## - ADDED ENTRY--UNIFORM TITLE
Uniform title Programming with Graphics
942 ## - ADDED ENTRY ELEMENTS (KOHA)
Koha item type Book
Holdings
Withdrawn status Lost status Damaged status Not for loan Home library Current library Date acquired Cost, normal purchase price Total Checkouts Full call number Barcode Date last seen Price effective from Koha item type
        Dr. V. N. Bedekar Institute of Management Studies Library Dr. V. N. Bedekar Institute of Management Studies Library 03/31/2009 5.95   006.66 /MAR  7223  VPMBRIMS-7223  03/19/2010 03/19/2010 Book